000 00532nam a2200205Ia 4500
003 OSt
005 20250129124937.0
008 210716s1998 xx 000 0 und d
020 _a0373241836
040 _cAIMIT LIBRARY
041 _aeng
082 _a808.83
_21
_bTEMM
100 _aTemte, Myrna.
_9196006
245 _aUrban cowboy /
_cBy Myrna Temte.
250 _a1st ed.
260 _aNew York :
_bSilhouette books ;
_c1998.
300 _a250p. ;
_bPB
_c16 cm.
440 _vI&II
942 _2ddc
_cBK
_e1st ed.
_k808.83 TEMM
999 _c200221
_d200221